00613nam a2200181 a 4500008004100000020001500041050001700056100002100073245010400094260004400198260005200242260005500294300002200349350000900371650001300380650002000393700001800413100930s2003 ||||||||||||||||| || u a8122414605 aTA 683.2 Raj aRaju, N. Krishna10aReinforced concrete design: IS: 456-2000 principles and practicecby N. Krishna Raju; R. N. Pranesh aNew Delhi:bNew Age Internationalc2003 aNew Delhi:bNew Age International Limitedc2003 aNew Delhi:bNew Age International Publishersc2003 axvii, 611p.: ill. a0.00 aCONCRETE aCONCRETE DESIGN aPranesh, R. N